000 00894nas a2200277 4500
001 BR2019001517
003 BR-BrBNA
005 20231205131929.0
007 ta
008 230509b bl.|||p| |||| 00| 00por d
040 _aBR-BrBNA
_bpor
_cBiblioteca Nacional de Agricultura
041 _a(Pt)
072 _aF02
100 1 _aFermino Junior, P.C.P.
100 1 _aDill, L.
100 1 _aVesco, L.L.D.
100 1 _aGunther, K.
245 1 _aPropagação in vitro de Coppensia ranifera (Lindl.)F. Barros V.T. Rodrigues (Orchidaceae)
650 _aORQUÍDEA
650 _aMEIO DE CULTURA
650 _aMICROPROPAGAÇÃO
773 0 _tRevista Agrotecnologia (Brazil)
_xISSN 2179-5959
_g(2018), v. 9(2) p. 9-17
_wBR2019001517
856 4 0 _uhttps://www.revista.ueg.br/index.php/agrotecnologia/article/view/6157
909 _a202311
_bLúcia
_c55
_dLúcia Elande
942 _2AGRIS
_n0
_cANA
999 _c257536
_d257536